| 000 | 00712nam a22001697a 4500 | ||
|---|---|---|---|
| 008 | 130527s2013 ua ||||| |||| 00| 0 ara d | ||
| 020 | _a9789779006062 | ||
| 082 |
_222 _a363.2332 _bر و ب |
||
| 100 |
_aالروبي، يسري محمد. _933264 |
||
| 245 |
_aعلمية القيادة فى المنظومة المرورية لراغبي الحصول على رخصة قيادة السيارة / _cتأليف واعداد يسري محمد الروبي. |
||
| 260 |
_aالقاهرة : _bمطابع الشرطة، _c2013. |
||
| 300 |
_a240 ص. : _bايض. ؛ _c17 سم. |
||
| 650 |
_aالمرور _933265 |
||
| 650 |
_aعلامات وإشارات المرور _933266 |
||
| 653 |
_bAra _cMarch2013 |
||
| 942 |
_2ddc _cBB |
||
| 999 |
_c17482 _d17454 |
||